书目信息 |
| 题名: |
素描
|
|
| 作者: | 陈世和 分册主编 ;陈少立 编著 | |
| 分册: | 1-10级 | |
| 出版信息: | 南京 江苏美术出版社 2006.07 |
|
| 页数: | 45页 | |
| 开本: | 28cm | |
| 丛书名: | ||
| 单 册: | ||
| 中图分类: | J214 | |
| 科图分类: | ||
| 主题词: | 素描--su miao--技法 (美术)--水平考试--教材 | |
| 电子资源: | ||
| ISBN: | 7-5344-2095-4 | |
| 000 | 01080nam0 2200265 450 | |
| 001 | 012007086596 | |
| 005 | 20071205100302.06 | |
| 010 | @a7-5344-2095-4@dCNY15.00 | |
| 100 | @a20071204d2006 km y0chi0120 ea | |
| 101 | 0 | @achi |
| 102 | @aCN@b320000 | |
| 105 | @aa z 000yy | |
| 106 | @ar | |
| 200 | 1 | @a素描@Asu miao@i1-10级@f陈世和分册主编@Fchen shi he fen ce zhu bian@g陈少立, 陈世和编著@Gchen shao li,chen shi he bian zhu |
| 210 | @a南京@c江苏美术出版社@d2006.07 | |
| 215 | @a45页@c图@d28cm | |
| 300 | @a社会艺术水平考级南京艺术学院美术、书法类考级专用教材 | |
| 300 | @a全国社会艺术水平考级中心专家委员会指定专用教材。 | |
| 330 | @a本书为全国社会艺术水平考级中心专家委员会指定,美术书法类社会艺术水平考试专用教材。书中通过临摹、写生、创作的方式,采用1-10级的阶梯式教学方法,结合范例介绍了篆刻的基础知识、绘画技法以及应试技巧等。 | |
| 606 | 0 | @a素描@Asu miao@x技法 (美术)@x水平考试@j教材 |
| 690 | @aJ214@v4 | |
| 701 | 0 | @a陈世和@Achen shi he@4分册主编 |
| 702 | 0 | @a陈少立@Achen shao li@4编著 |
| 801 | 0 | @aCN@bQSSK@c20071205 |
| 905 | @b270499-501@dJ214@eC562@f3 | |
| 素描.1-10级/陈世和分册主编/陈少立, 陈世和编著.-南京:江苏美术出版社,2006.07 |
| 45页:图;28cm |
| 社会艺术水平考级南京艺术学院美术、书法类考级专用教材.-全国社会艺术水平考级中心专家委员会指定专用教材。 |
| ISBN 7-5344-2095-4:CNY15.00 |
| 本书为全国社会艺术水平考级中心专家委员会指定,美术书法类社会艺术水平考试专用教材。书中通过临摹、写生、创作的方式,采用1-10级的阶梯式教学方法,结合范例介绍了篆刻的基础知识、绘画技法以及应试技巧等。 |
| ● |
| 相关链接 |
|
|
|
正题名:素描
索取号:J214/C562
 
预约/预借
| 序号 | 登录号 | 条形码 | 馆藏地/架位号 | 状态 | 备注 |
| 1 | 270499 | 202704993 | 社科库309/309社科库 70排1列4层/ [索取号:J214/C562] | 在馆 | |
| 2 | 270500 | 202705000 | 社科库309/309社科库 70排1列4层/ [索取号:J214/C562] | 在馆 | |
| 3 | 270501 | 202705019 | 社科库309/309社科库 70排1列4层/ [索取号:J214/C562] | 在馆 |